Welcome to CU Library Online Public Access Catalogue (OPAC)

Concepts of human anatomy and physiology / (Record no. 2216)

MARC details
000 -LEADER
fixed length control field 00669nam a2200217 a 4500
001 - CONTROL NUMBER
control field 4381733
005 - DATE AND TIME OF LATEST TRANSACTION
control field 20241214133537.0
008 - FIXED-LENGTH DATA ELEMENTS--GENERAL INFORMATION
fixed length control field 910214s1992 iaua b 001 0 eng
020 ## - INTERNATIONAL STANDARD BOOK NUMBER
International Standard Book Number 9780697097163
050 00 - LIBRARY OF CONGRESS CALL NUMBER
Classification number QP36
Item number .V36 1992
082 00 - DEWEY DECIMAL CLASSIFICATION NUMBER
Classification number 612
Edition information 20
100 1# - MAIN ENTRY--PERSONAL NAME
Personal name Van De Graaff, Kent M.
Fuller form of name (Kent Marshall),
Dates associated with a name 1942-
245 10 - TITLE STATEMENT
Title Concepts of human anatomy and physiology /
Statement of responsibility, etc. Kent M. Van De Graff, Stuart Ira Fox.
250 ## - EDITION STATEMENT
Edition statement 3rd ed.
260 ## - PUBLICATION, DISTRIBUTION, ETC.
Place of publication, distribution, etc. Dubuque, IA :
Name of publisher, distributor, etc. W.C. Brown,
Date of publication, distribution, etc. c1992.
300 ## - PHYSICAL DESCRIPTION
Extent xx, 950 p. :
Other physical details ill. (some col.) ;
Dimensions 29 cm.
650 #0 - SUBJECT ADDED ENTRY--TOPICAL TERM
Topical term or geographic name entry element Human physiology.
650 #0 - SUBJECT ADDED ENTRY--TOPICAL TERM
Topical term or geographic name entry element Human anatomy.
700 1# - ADDED ENTRY--PERSONAL NAME
Personal name Fox, Stuart Ira.
942 ## - ADDED ENTRY ELEMENTS (KOHA)
Source of classification or shelving scheme Library of Congress Classification
Koha item type Books
Edition 3rd ed.
Suppress in OPAC No
999 ## -
-- 2216
-- 2216
Holdings
Withdrawn status Lost status Source of classification or shelving scheme Damaged status Not for loan Collection Home library Current library Shelving location Date acquired Total checkouts Full call number Barcode Date last seen Copy number Price effective from Koha item type
    Library of Congress Classification     Non-fiction Science Library (Miotso) Science Library (Miotso) General stacks 12/14/2024   QM23.2 .V36 VAN SLM00001419 12/14/2024 1 12/14/2024 Books
    Library of Congress Classification     Non-fiction Science Library (Miotso) Science Library (Miotso) General stacks 12/14/2024   QM23.2 .V36 VAN SLM00001420 12/14/2024 2 12/14/2024 Books
© 2023-2024 Copyright: Central University Libraries. All Rights Reserved | Created by: Mahone Tech Office